Les villes les plus peuplées du Languedoc-Roussillon - Statistiques

Statistiques générales
  • Ce quiz a été pris 586 fois
    581 depuis la dernière actualisation
  • Le résultat moyen est 11 sur 20
Statistiques - réponses
Population Ville % Correct
225 511 Montpellier
99%
105 096 Perpignan
96%
133 406 Nîmes
93%
69 359 Béziers
92%
46 506 Narbonne
89%
43 937 Carcassonne
83%
39 579 Sète
79%
39 282 Alès
72%
20 066 Agde
58%
11 792 Mende
56%
22 346 Lunel
48%
19 130 Frontignan
33%
10 880 Castelnaudary
26%
14 208 Castelnau-le-Lez
26%
13 760 Lattes
25%
13 767 Beaucaire
24%
14 846 Mauguio
22%
18 099 Bagnols-sur-Cèze
21%
11 628 Saint-Gilles
14%
11 794 Villeneuve-lès-Avignon
14%
Aucun quiz correspondant
Distribution des résultats
% des personnes avec chaque résultat
Percentile par nombre de réponses
Votre historique - résultats
Vous n’avez pas pris ce quiz depuis la dernière actualisation